<?xml version="1.0" encoding="UTF-8"?>
<record
    xmlns:xsi="http://www.w3.org/2001/XMLSchema-instance"
    xsi:schemaLocation="http://www.loc.gov/MARC21/slim http://www.loc.gov/standards/marcxml/schema/MARC21slim.xsd"
    xmlns="http://www.loc.gov/MARC21/slim">

  <leader>01035nam a22002657a 4500</leader>
  <controlfield tag="003">OSt</controlfield>
  <controlfield tag="005">20231023154859.0</controlfield>
  <controlfield tag="008"> </controlfield>
  <datafield tag="020" ind1=" " ind2=" ">
    <subfield code="a">9781138054882 (hardback)</subfield>
  </datafield>
  <datafield tag="040" ind1=" " ind2=" ">
    <subfield code="a">DLC</subfield>
    <subfield code="b">eng</subfield>
    <subfield code="e">rda</subfield>
    <subfield code="c">NUST</subfield>
    <subfield code="d">NUST</subfield>
  </datafield>
  <datafield tag="050" ind1="0" ind2="0">
    <subfield code="a">QA276.2 EFR</subfield>
  </datafield>
  <datafield tag="100" ind1="1" ind2=" ">
    <subfield code="a">Efromovich, Sam,</subfield>
    <subfield code="e">Author.</subfield>
  </datafield>
  <datafield tag="245" ind1="1" ind2="0">
    <subfield code="a">Missing and modified data in nonparametric estimation :</subfield>
    <subfield code="b">with R Examples /</subfield>
    <subfield code="c">Sam Efromovich.</subfield>
  </datafield>
  <datafield tag="264" ind1=" " ind2="1">
    <subfield code="a">Boca Raton :</subfield>
    <subfield code="b">CRC Press/Taylor &amp; Francis Group,</subfield>
    <subfield code="c">[2018]</subfield>
  </datafield>
  <datafield tag="300" ind1=" " ind2=" ">
    <subfield code="a">xv, 448 pages:</subfield>
    <subfield code="b">illustrations ;</subfield>
    <subfield code="c">27 cm.</subfield>
  </datafield>
  <datafield tag="336" ind1=" " ind2=" ">
    <subfield code="a">text</subfield>
    <subfield code="b"> txt</subfield>
    <subfield code="2">rdacontent</subfield>
  </datafield>
  <datafield tag="337" ind1=" " ind2=" ">
    <subfield code="a">|a unmediated</subfield>
    <subfield code="b">|b n</subfield>
    <subfield code="2">|2 rdamedia</subfield>
  </datafield>
  <datafield tag="338" ind1=" " ind2=" ">
    <subfield code="a"> volume</subfield>
    <subfield code="b">nc</subfield>
    <subfield code="2">rdacarrier</subfield>
  </datafield>
  <datafield tag="490" ind1="0" ind2=" ">
    <subfield code="a">Monographs on statistics and applied probability 156</subfield>
  </datafield>
  <datafield tag="504" ind1=" " ind2=" ">
    <subfield code="a">Includes bibliographical references and indexes.</subfield>
  </datafield>
  <datafield tag="650" ind1=" " ind2="0">
    <subfield code="a">Missing observations (Statistics)</subfield>
    <subfield code="v">Problems, exercises, etc.</subfield>
  </datafield>
  <datafield tag="650" ind1=" " ind2="0">
    <subfield code="a">Statistics</subfield>
    <subfield code="x">Methodology</subfield>
    <subfield code="v">Problems, exercises, etc.</subfield>
  </datafield>
  <datafield tag="650" ind1=" " ind2="0">
    <subfield code="a">Mathematical statistics</subfield>
    <subfield code="v">Problems, exercises, etc.</subfield>
  </datafield>
  <datafield tag="942" ind1=" " ind2=" ">
    <subfield code="2">lcc</subfield>
    <subfield code="c">BOOKS</subfield>
    <subfield code="n">0</subfield>
    <subfield code="h">QA276.2</subfield>
    <subfield code="k">QA</subfield>
    <subfield code="m">EFR</subfield>
  </datafield>
  <datafield tag="999" ind1=" " ind2=" ">
    <subfield code="c">170472</subfield>
    <subfield code="d">170472</subfield>
  </datafield>
  <datafield tag="952" ind1=" " ind2=" ">
    <subfield code="r">2023-08-09 00:00:00</subfield>
    <subfield code="l">0</subfield>
    <subfield code="o">QA276.2 EFR</subfield>
    <subfield code="p">92004052952</subfield>
    <subfield code="t">60151</subfield>
    <subfield code="v">130.00</subfield>
    <subfield code="w">2023-05-15</subfield>
    <subfield code="y">BOOKS</subfield>
    <subfield code="z">Donation</subfield>
    <subfield code="1">0</subfield>
    <subfield code="2">LCC</subfield>
    <subfield code="4">0</subfield>
    <subfield code="7">0</subfield>
    <subfield code="8">NFIC</subfield>
    <subfield code="0">0</subfield>
    <subfield code="a">MAIN</subfield>
    <subfield code="b">MAIN</subfield>
    <subfield code="c">GEN</subfield>
    <subfield code="d">2023-05-15</subfield>
    <subfield code="e">Book Aid International</subfield>
    <subfield code="g">130.00</subfield>
  </datafield>
  <datafield tag="952" ind1=" " ind2=" ">
    <subfield code="r">2023-08-09 00:00:00</subfield>
    <subfield code="l">0</subfield>
    <subfield code="o">QA276.2 EFR</subfield>
    <subfield code="p">92004052741</subfield>
    <subfield code="t">60150</subfield>
    <subfield code="v">130.00</subfield>
    <subfield code="w">2023-08-09</subfield>
    <subfield code="y">BOOKS</subfield>
    <subfield code="z">Donation</subfield>
    <subfield code="1">0</subfield>
    <subfield code="2">LCC</subfield>
    <subfield code="4">0</subfield>
    <subfield code="7">0</subfield>
    <subfield code="8">NFIC</subfield>
    <subfield code="0">0</subfield>
    <subfield code="a">MAIN</subfield>
    <subfield code="b">MAIN</subfield>
    <subfield code="c">GEN</subfield>
    <subfield code="d">2023-08-09</subfield>
    <subfield code="e">Book Aid International</subfield>
    <subfield code="g">130.00</subfield>
  </datafield>
  <datafield tag="952" ind1=" " ind2=" ">
    <subfield code="r">2023-08-09 00:00:00</subfield>
    <subfield code="l">0</subfield>
    <subfield code="o">QA276.2 EFR</subfield>
    <subfield code="p">92004052760</subfield>
    <subfield code="t">60148</subfield>
    <subfield code="v">130.00</subfield>
    <subfield code="w">2023-08-09</subfield>
    <subfield code="y">BOOKS</subfield>
    <subfield code="z">Donation</subfield>
    <subfield code="1">0</subfield>
    <subfield code="2">LCC</subfield>
    <subfield code="4">0</subfield>
    <subfield code="7">0</subfield>
    <subfield code="8">NFIC</subfield>
    <subfield code="0">0</subfield>
    <subfield code="a">MAIN</subfield>
    <subfield code="b">MAIN</subfield>
    <subfield code="c">GEN</subfield>
    <subfield code="d">2023-08-09</subfield>
    <subfield code="e">Book Aid International</subfield>
    <subfield code="g">130.00</subfield>
  </datafield>
  <datafield tag="952" ind1=" " ind2=" ">
    <subfield code="r">2023-08-09 00:00:00</subfield>
    <subfield code="l">0</subfield>
    <subfield code="o">QA276.2 EFR</subfield>
    <subfield code="p">92004052724</subfield>
    <subfield code="t">60149</subfield>
    <subfield code="v">130.00</subfield>
    <subfield code="w">2023-08-09</subfield>
    <subfield code="y">BOOKS</subfield>
    <subfield code="z">Donation</subfield>
    <subfield code="1">0</subfield>
    <subfield code="2">LCC</subfield>
    <subfield code="4">0</subfield>
    <subfield code="7">0</subfield>
    <subfield code="8">NFIC</subfield>
    <subfield code="0">0</subfield>
    <subfield code="a">MAIN</subfield>
    <subfield code="b">MAIN</subfield>
    <subfield code="c">GEN</subfield>
    <subfield code="d">2023-08-09</subfield>
    <subfield code="e">Book Aid International</subfield>
    <subfield code="g">130.00</subfield>
  </datafield>
  <datafield tag="952" ind1=" " ind2=" ">
    <subfield code="r">2023-12-04 00:00:00</subfield>
    <subfield code="l">0</subfield>
    <subfield code="o">QA276.2 EFR</subfield>
    <subfield code="p">92004052944</subfield>
    <subfield code="t">60043</subfield>
    <subfield code="v">130.00</subfield>
    <subfield code="w">2023-05-10</subfield>
    <subfield code="y">BOOKS</subfield>
    <subfield code="z">Donation</subfield>
    <subfield code="1">0</subfield>
    <subfield code="2">LCC</subfield>
    <subfield code="4">0</subfield>
    <subfield code="7">0</subfield>
    <subfield code="8">NFIC</subfield>
    <subfield code="0">0</subfield>
    <subfield code="a">MAIN</subfield>
    <subfield code="b">MAIN</subfield>
    <subfield code="c">GEN</subfield>
    <subfield code="d">2023-05-10</subfield>
    <subfield code="e">Book Aid International</subfield>
    <subfield code="g">130.00</subfield>
  </datafield>
  <datafield tag="952" ind1=" " ind2=" ">
    <subfield code="r">2025-03-03 10:34:25</subfield>
    <subfield code="l">0</subfield>
    <subfield code="o">QA276.2 EFR</subfield>
    <subfield code="p">92004055184</subfield>
    <subfield code="t">62025</subfield>
    <subfield code="v">130.00</subfield>
    <subfield code="w">2025-03-03</subfield>
    <subfield code="y">BOOKS</subfield>
    <subfield code="z">Donation</subfield>
    <subfield code="1">0</subfield>
    <subfield code="2">LCC</subfield>
    <subfield code="4">0</subfield>
    <subfield code="7">0</subfield>
    <subfield code="8">NFIC</subfield>
    <subfield code="0">0</subfield>
    <subfield code="a">MEDICAL</subfield>
    <subfield code="b">MEDICAL</subfield>
    <subfield code="c">GEN</subfield>
    <subfield code="d">2025-03-03</subfield>
    <subfield code="e">Book Aid International</subfield>
    <subfield code="g">130.00</subfield>
  </datafield>
</record>
